| 000 | 00502nam a2200193Ia 4500 | ||
|---|---|---|---|
| 008 | 240510s9999 xx 000 0 und d | ||
| 020 | _a0000198280009 | ||
| 041 | _aEng | ||
| 082 | _a330 | ||
| 082 | _bB58 | ||
| 100 | _aBOUMA,G.D:ATKINSON, G.B.J. | ||
| 245 | 2 | _aA HANDBOOK OF SOCIAL SCIENCE RESEARCH :A COMPREHENSIVE AND PRACTIVAL GUIDE FOR STUDENTS | |
| 260 | _bOxford university:Newyork | ||
| 260 | _c1987 | ||
| 300 | _a247 p. | ||
| 650 | _aSOCIAL SCIENCE | ||
| 942 | _2ddc | ||
| 942 | _cLBK | ||
| 999 |
_c27286 _d27286 |
||
| 945 |
_a1 _bMadushi Gamage _c1 _dMadushi Gamage |
||